logo

Bir Sreshtho Munshi Abdur Rouf Library
Jhenaidah Cadet College

ধাঁধায় ধাঁধায় বুদ্ধি যাচাই / (Record no. 13438)

MARC details
000 -LEADER
fixed length control field 00750nam a2200217 a 4500
001 - CONTROL NUMBER
JCCL Control Number 13438
003 - CONTROL NUMBER IDENTIFIER
JCCL marc code BD-JhCC
005 - DATE AND TIME OF LATEST TRANSACTION
control field 20230924084559.0
008 - FIXED-LENGTH DATA ELEMENTS--GENERAL INFORMATION
fixed length control field 171017s2020 bg |||| ||a| 00| 0 ben d
020 ## - INTERNATIONAL STANDARD BOOK NUMBER
International Standard Book Number 9789849339199
035 ## - SYSTEM CONTROL NUMBER
system control number (BD-JhCC) 13438
040 ## - CATALOGING SOURCE
Original cataloging agency BD-JhCC
Modifying agency BD-JhCC
041 ## - LANGUAGE CODE
Language code of Book bengali
082 ## - DEWEY DECIMAL CLASSIFICATION NUMBER
Author mark and Year DHA 2020
Classification number 001
111 ## - MAIN ENTRY--MEETING NAME
Relator code যায়নাব,সালমা উম্মে
245 ## - TITLE STATEMENT
Title ধাঁধায় ধাঁধায় বুদ্ধি যাচাই /
Statement of responsibility, etc সম্পা: এহসান চেীধুর।
260 ## - PUBLICATION, DISTRIBUTION, ETC. (IMPRINT)
Place of publication, distribution, etc ঢাকা:
Name of publisher, distributor, etc নলেজ মিডিয়া পাবলিকেশন্স;
Date of publication, distribution, etc 2020.
300 ## - PHYSICAL DESCRIPTION
Pagination 237 p. :
Dimensions 22 cm.
651 ## - SUBJECT ADDED ENTRY--GEOGRAPHIC NAME
Geographic name General Knowledge
942 ## - ADDED ENTRY ELEMENTS (KOHA)
Source of classification or shelving scheme Dewey Decimal Classification
Koha item type Books
Holdings
Source of classification or shelving scheme Damaged status Not for loan Home library Current library Shelving location Date of accession Cost, normal purchase price Total Checkouts Full call number Barcode Date last seen Date checked out Copy number Method of acquisition Koha item type Currency
Dewey Decimal Classification     JCC Rouf Library JCC Rouf Library General Stacks 09/18/2023 203.00 2 001 DHA 2020 18315 05/24/2025 04/29/2025 C-1 Purchase Books BDT

JCC Library | Contacts | JCC Home

Last Update on 23 September 2017
Copyright @ 2017-2020 JCC Rouf Library
Rouf Library, Jhenidah Cadet College (JCC), Bangladesh